000 01530nam a22002537a 4500
005 20171227135049.0
010 _aB-685434
020 _a8126021535
_c250.00
035 _aB-685434
037 _bनार्थ इण्डिया पब्लिशर्स
082 _a
100 _aमहांती, गोपीनाथ
245 _aअमृत-सन्तान /
_cगोपीनाथ महांती; युगजीत नवलपुरी द्वारा अनुदित
246 _aAmrit-santaan
_bby Gopinath Mahaanti
260 _aनई दिल्ली
_bसाहित्य अकादेमी
_c2007( पु.मु.)
270 _aरवीन्द्र भवन, 35, फीरोजशाह मार्ग
_bनई दिल्ली
_e110001
300 _a814पृ
_c18सेमी (सजिल्द)
500 _aसाहित्य अकादेमी द्वारा पुरस्कृत ओड़िया उपन्यास ।
505 _aराष्ट्रपति भवन
520 _aAW
700 _aयुगजीत नवलपुरी
_924170
942 _2ddc
_cHN
_h
_mमहांती
999 _c148479
_d148479